Analyse du discours et de l'interaction : (Record no. 15146)

000 -LEADER
fixed length control field 00509nam a2200145 a 4500
040 ## - CATALOGING SOURCE
Transcribing agency DLC
082 00 - DEWEY DECIMAL CLASSIFICATION NUMBER
Classification number 302 UNI 1991 A073 Or.
245 00 - TITLE STATEMENT
Title Analyse du discours et de l'interaction :
Remainder of title modèles théoriques, études et ouvertures.
260 ## - PUBLICATION, DISTRIBUTION, ETC. (IMPRINT)
Place of publication Genève :
Name of publisher Unité de linguistique française, Faculté des lettres, Université de Genève,
Year of publication 1991.
300 ## - PHYSICAL DESCRIPTION
Number of Pages 187 p. :
Other physical details ill. ;
Dimensions 21 cm.
650 #0 - SUBJECT ADDED ENTRY--TOPICAL TERM
Topical Term Oral communication.
650 #0 - SUBJECT ADDED ENTRY--TOPICAL TERM
Topical Term Interpersonal communication.
650 #0 - SUBJECT ADDED ENTRY--TOPICAL TERM
Topical Term Discourse analysis.
942 ## - ADDED ENTRY ELEMENTS (KOHA)
Koha item type សៀវភៅភាសាអង់គ្លេស
952 ## - LOCATION AND ITEM INFORMATION (KOHA)
Withdrawn status [LOCAL, KOHA] 0
Holdings
Permanent Location Date acquired Koha item type Lost status Shelving location Barcode Current Location Full call number
Library Block A2017-11-11សៀវភៅភាសាបារាំង A073A06517Library Block A302 UNI 1991 A073 Or.
មជ្ឈមណ្ឌលឯការនៃសាកលវិទ្យាល័យភូមិន្ទកសិកម្មចំការដូង

Powered by Koha